Nutnost chránit soukromí aneb ničivý dopad internetu po tragických událostech na rodinu a pozůstalé

Zraňujúci dopad na psychiku rodiny a pozostalých po tragickej udalosti, pokiaľ sú informácie o nešťastnej udalosti zverejnené na sociálnych sietiach a spravodajských portáloch na internete bezprostredne po jej vzniku. Problematika psychického prežívania súvisiaceho so zverejňovaním citlivých informá...

Description complète

Enregistré dans:
Détails bibliographiques
Auteur principal: Vlášková, Lenka
Format: Chapitre de livre
Langue:tchèque
Sujets:
Tags: Ajouter un tag
Pas de tags, Soyez le premier à ajouter un tag!

MARC

LEADER 00000naa a2200000 4500
001 0248985
005 20181119134514.1
041 0 |a cze 
044 |a CZ 
245 1 0 |a Nutnost chránit soukromí aneb ničivý dopad internetu po tragických událostech na rodinu a pozůstalé  |c Lenka Vlášková 
520 |a Zraňujúci dopad na psychiku rodiny a pozostalých po tragickej udalosti, pokiaľ sú informácie o nešťastnej udalosti zverejnené na sociálnych sietiach a spravodajských portáloch na internete bezprostredne po jej vzniku. Problematika psychického prežívania súvisiaceho so zverejňovaním citlivých informácií a komentárov na internete. Identifikácia možných reakcií a kľúčových faktorov v procese sekundárnej viktimizácie. Krízová intervencia zo strany polície. Motivácia k zodpovednejšiem písaniu a komentárom na internete. 
610 2 0 |a siete sociálne 
610 2 0 |a činy trestné 
610 2 0 |a psychológia sociálna 
610 2 0 |a udalosti sociálne 
610 2 0 |a médiá sociálne 
610 2 0 |a kríza 
100 1 |a Vlášková, Lenka